00554njm a2200157 i 4500001001100000003000500011005001700016008004100033040002500074245002800099264007000127336002100197337002500218338002300243500013000266C2-0218233PPAK20180729152115.0990724s1990 my |||| ||||| | may d aPPAKbengcPPAKerda00aSejarah Pondok di Kedah 1aAlor Setar, Kedah : bPerbadanan Perpustakaan Awam Kedah , c1990 2rdacontentatext 2rdamediaaunmediated 2rdacarrieravolume aDirakam pada 13/9/90 ; Mempunyai transkripsi ; Temubual antara En. Azemi bin Abd. Aziz dengan Dato' Tajuddin Hj. Abdul Rahman